Multimedia networking handbook 1999

Bibliographic Details
Main Author: Trulove, James (Author)
Format: Book
Language:English
Published: Boca Raton, Florida : Auerbach , c1999
Subjects:

MARC

LEADER 00000cam a2200000 7i4500
001 0000088708
005 20150609093000.0
008 150609s1999 flu eng
020 |a 0849399491 
020 |a 9780849399497 
050 0 0 |a QA76.575   |b .M85 1999 
090 0 0 |a QA76.575   |b .M85 1999 
245 0 0 |a Multimedia networking handbook 1999   |c James Trulove, editor 
260 |a Boca Raton, Florida :   |b Auerbach ,   |c c1999 
300 |a 1 v. (various pagings) :   |b ill. ;   |c 25 cm. 
500 |a Includes index 
505 0 |a 1. Multimedia networking : a status report -- 2. Voice communications over multimedia networks -- 3. Constant-bit-rate services over multimedia networks -- 4. Bursty data communications over multimedia networks -- 5. Video communications over multimedia networks -- 6. Technologies for multimedia transport -- 7. Designing and managing multimedia networks -- 8. A multimedia networking future 
650 0 |a Computer networks 
650 0 |a Multimedia systems 
700 1 |a Trulove, James ,   |e author 
999 |a 1000163856   |b Book   |c Close Access   |e Tembila Campus